000 00531nam a2200145Ia 4500
008 151213s9999 xx 000 0 und d
100 _aসৈয়দ আলী আহসান।
245 _aকবিতার কথা।
_cসৈয়দ আলী আহসান।
260 _aঢাকা
_bওয়ার্সী বুক হ্াউস।
_c1957
300 _a8756 p.
650 _aBangla
650 _aকবিতা গ্রন্থ
700 _aসৈয়দ আলী আহসান।
999 _c4541
_d4541